Prairie tale : (Record no. 1089)
[ view plain ]
| 000 -LEADER | |
|---|---|
| fixed length control field | 01769cam a2200313 a 4500 |
| 005 - DATE AND TIME OF LATEST TRANSACTION | |
| control field | 20260322212046.0 |
| 008 - FIXED-LENGTH DATA ELEMENTS--GENERAL INFORMATION | |
| fixed length control field | data |
| 010 ## - LIBRARY OF CONGRESS CONTROL NUMBER | |
| LC control number | 2009014945 |
| 020 ## - INTERNATIONAL STANDARD BOOK NUMBER | |
| International Standard Book Number | 9781416599142 (hbk.) |
| 020 ## - INTERNATIONAL STANDARD BOOK NUMBER | |
| International Standard Book Number | 1416599142 |
| 040 ## - CATALOGING SOURCE | |
| Original cataloging agency | DLC |
| Transcribing agency | DLC |
| Modifying agency | DLC |
| -- | BTCTA |
| -- | YDXCP |
| -- | LIQ |
| -- | B2A |
| -- | UPZ |
| -- | IHI |
| -- | ORX |
| -- | VP@ |
| -- | DLC |
| 043 ## - GEOGRAPHIC AREA CODE | |
| Geographic area code | n-us--- |
| 050 00 - LIBRARY OF CONGRESS CALL NUMBER | |
| Classification number | PN2287.G514 |
| Item number | A3 2009 |
| 001 - CONTROL NUMBER | |
| control field | data |
| 100 1# - MAIN ENTRY--PERSONAL NAME | |
| Personal name | Gilbert, Melissa, |
| Dates associated with a name | 1964- |
| 245 10 - TITLE STATEMENT | |
| Title | Prairie tale : |
| Remainder of title | a memoir / |
| Statement of responsibility, etc. | Melissa Gilbert. |
| 250 ## - EDITION STATEMENT | |
| Edition statement | 1st Simon Spotlight Entertainment hardcover ed. |
| 260 ## - PUBLICATION, DISTRIBUTION, ETC. | |
| Place of publication, distribution, etc. | New York : |
| Name of publisher, distributor, etc. | Simon Spotlight Entertainment, |
| Date of publication, distribution, etc. | 2009. |
| 300 ## - PHYSICAL DESCRIPTION | |
| Extent | xiii, 367 p., [8] p. of plates : |
| Other physical details | ill. (chiefly col.) ; |
| Dimensions | 25 cm. |
| 520 ## - SUMMARY, ETC. | |
| Summary, etc. | A fascinating, heartbreaking, and ultimately uplifting tale of self-discovery from the beloved actress who earned a permanent place in the hearts of millions when she was just a child playing the role of buck-toothed Laura "Half-pint" Ingalls on "Little House on the Prairie." |
| 600 10 - SUBJECT ADDED ENTRY--PERSONAL NAME | |
| Personal name | Gilbert, Melissa, |
| Dates associated with a name | 1964- |
| 650 #0 - SUBJECT ADDED ENTRY--TOPICAL TERM | |
| Topical term or geographic name entry element | Television actors and actresses |
| Geographic subdivision | United States |
| Form subdivision | Biography. |
| 856 42 - ELECTRONIC LOCATION AND ACCESS | |
| Materials specified | Contributor biographical information |
| Uniform Resource Identifier | <a href="http://www.loc.gov/catdir/enhancements/fy0908/2009014945-b.html">http://www.loc.gov/catdir/enhancements/fy0908/2009014945-b.html</a> |
| 856 42 - ELECTRONIC LOCATION AND ACCESS | |
| Materials specified | Publisher description |
| Uniform Resource Identifier | <a href="http://www.loc.gov/catdir/enhancements/fy0909/2009014945-d.html">http://www.loc.gov/catdir/enhancements/fy0909/2009014945-d.html</a> |
| 856 41 - ELECTRONIC LOCATION AND ACCESS | |
| Materials specified | Sample text |
| Uniform Resource Identifier | <a href="http://www.loc.gov/catdir/enhancements/fy0912/2009014945-s.html">http://www.loc.gov/catdir/enhancements/fy0912/2009014945-s.html</a> |
| 906 ## - LOCAL DATA ELEMENT F, LDF (RLIN) | |
| a | 7 |
| b | cbc |
| c | orignew |
| d | 1 |
| e | ecip |
| f | 20 |
| g | y-gencatlg |
| 925 0# - | |
| -- | acquire |
| -- | 2 shelf copies |
| -- | policy default |
| 955 ## - COPY-LEVEL INFORMATION (RLIN) | |
| -- | rg03 2009-04-16 |
| -- | rg03 2009-04-16 to CIP (Dewey completed) |
| -- | rc10 2009-09-01 Z-CipVer |
| -- | re12 2010-02-23 copy 2 to BCCD |
| Withdrawn status | Lost status | Damaged status | Not for loan | Home library | Current library | Shelving location | Date acquired | Total checkouts | Full call number | Barcode | Date last seen | Price effective from | Koha item type |
|---|---|---|---|---|---|---|---|---|---|---|---|---|---|
| Centerville | Centerville | General stacks | 22/03/2026 | PN2287.G514 A3 2009 | BC0011123 | 22/03/2026 | 22/03/2026 | Books |